000 00603nam a2200205 a 4500
005 20240316063806.0
008 040608s1999 mx r 000 0 spa d
020 _a8476585594
035 _aUPN01000133628
049 _aCG
050 4 _aPN6147
_bL3.6
100 1 _aLamich, Celso de
245 1 3 _aEl pensador de éxito :
_bmanual secreto para intelectuales de moda /
_cCelso de Lamich.
260 _aBarcelona, Esp. ;
_bAnthropos,
_c1999.
300 _a158 p.
440 0 _aBiblioteca A ;
_v32.
_pActualidad
650 2 _aHUMORISMO Y AGUDEZAS
_93034
650 4 _aLiteratura
_95741
905 _aLibro
999 _c105779
_d105779